00378nam a22001457a 4500003000400000008004100004020001800045082001400063100001700077245003300094250001300127260004300140300000800183650004100191OSt220418b ||||| |||| 00| 0 eng d a9788121918015 a658.1 KHE aKHANKA, S.S. aEntrepreneurial Development  aReprint  aNew DelhibS. Chand Company Ltd.c2021 a794 aEntrepreneurial Development Commerce